000 00456nam a2200157Ia 4500
008 210210b2006 xxu||||| |||| 00| 0 eng d
020 _a0 19 567812 5
082 _a920.72 MACD
100 _aMACFARLANE (Iris).
245 _aDaughters of the empire: a memoir of life and times in the british raj.
260 _aNew Delhi
_bOxford University Press
_c2006
300 _axxxix,165
650 _aBritish Raj
690 _aAutobiography
906 _a061541
999 _c108439
_d108439